Historical texts and legislation AQA A level politics - Statistics

General Stats
  • This quiz has been taken 14 times
  • The average score is 7 of 27
Answer Stats
Hint Answer % Correct
When was the Magna Carta written 1215
92%
what length did this reduce the time the lords are allowed to delay a bill to? 1 year
62%
When was the first parliaments act? 1911
54%
when was the second parliaments act? 1949
54%
how long can lords delay bills for? (1st parliament act) 2 years
54%
when was the house of lords act? 1999
46%
when was the freedom of information act? 2000
46%
how many hereditary peers remained after the house of lords act? 92
46%
When was the Bill of Rights (uk) written? 1689
38%
when was the parliamentary expenses scandal? 2009
31%
what type of bills can lords not delay? money bills
31%
what did the bill of rights guarantee? (1) frequent parliaments
23%
the FOI act gave individuals access to info held by _____ _____ public bodies
23%
what are the three freedoms given by the Magna Carta (3) a fair trial
15%
what did the bill of rights guarantee? (2) free elections
15%
what are the three freedoms given by the Magna Carta (2) property
15%
what can lords no longer do? veto bills
15%
how many peers were in the house of lords in 1999 1330
8%
how much did this MP spend on the 'duck house'? 1.6k
8%
when was the life peerages act? 1958
8%
How much did this MP claim for garden care? 30k
8%
what was the Magna Carta written to protect against? a tyrannical king
8%
what did the bill of rights guarantee? (3) freedom of speech within parliament
8%
what are the three freedoms given by the Magna Carta (1) justice
8%
what is the bill of rights considered to be the establishment of? parliamentary sovereignty
8%
Which MP claimed expenses to buy a 'duck house' for his garden? Peter Viggers
8%
what group could become lords after the life peerages act? women
8%
No matching quizzes found
Score Distribution
Percent of People with Each Score
Percentile by Number Answered
Your Score History
You have not taken this quiz